Responses for Show #359 - Thursday, January 23, 1986

Contestants

[<< previous game]

Sheila Camarato, a homemaker originally from Norfolk, Virginia

Frank Ryan, a management analyst from St. Louis, Missouri

Ann Antell, a teacher from Ypsilanti, Michigan (whose 2-day cash winnings total $8,710)

[next game >>]

Jeopardy! Round responses

"FIRST"
(Alex: Appropriately, in the first position.)
BIG ANIMALS
3-LETTER NAMES
1959
KIDS' TV
POTPOURRI
    $100 1
(Frank: Uh, what is, uh, sorry.)

first rate

AnnFrank
    $100 7
an ostrich

Sheila
    $100 15
Sandra Dee

Sheila
    $100 13
Richard Nixon

Frank
    $100 6
Woody Woodpecker

Ann
    $100 17
Sonny

Frank
    $200 2
a first sergeant

Frank
    $200 11
(Sheila: What is an Alaskan king crab?)

a Japanese spider crab

Sheila
Triple Stumper
    $200 23
Dag

Ann
    $200 14
rock and roll

Ann
    $200 8
Dudley Do-Right

Sheila
    $200 18
(Sheila: What was England?)

Scotland

FrankSheila
    $300 3
a first down

Ann
    $300 12
(Frank: What is an octopus?)

the giant squid

Frank
Triple Stumper
    $300 24
Jim

Frank
    $300 22
(Ann: What is the Sphinx?)
(Sheila: What are the Pyramids?)
(Alex: Be more specific.)
(Sheila: What are the Pyramids of Ghazi?)
...
(Alex: It was just the one, not all of them.)
...
(Alex: We've got about a minute to go in this category.)

the Great Pyramid of Cheops

AnnFrankSheila
    $300 9
a frog

Frank
    $300 19
a calculator

Ann
    $400 4
(Sheila: What is your [*] son?)

first born

Sheila
    $1,000 25
(Frank: Whoa. Name, uh, famous chefs.)

celebrities who died in 1959

Frank
    $400 10
Afterschool Specials

Ann
    $400 20
mosquitos

Ann
    $500 5
(Frank: What is a first issue?)

a first day cover

Frank
Triple Stumper
    $500 26
[The end-of-round signal sounds.]

an ecumenical council

Frank
    $500 16
Beany

Frank
    $500 21
the Etch-A-Sketch

Frank

Scores at the first commercial break (after clue 14):

Ann Frank Sheila
$1,100 -$300 $500

Scores at the end of the Jeopardy! Round:

Ann Frank Sheila
$1,700 $1,100 $100

Double Jeopardy! Round responses

U.S. HISTORY
CANDLES
SHAKESPEARE
'40s FILMS
GEOLOGY
WEAPONS
    $200 2
the Battle of the Little Bighorn

Sheila
    $200 18
bowling

Ann
    $200 9
dead

Frank
    $200 1
Ginger Rogers

Ann
    $200 23
Hawaii

Sheila
    $200 14
a mine

Sheila
    $400 6
the 18th Amendment (Prohibition)

Triple Stumper
    $400 19
a menorah

Frank
    $400 12
(Ann: Who is Ciresias, the [*]?)
[ERRATUM: The soothsayer in Julius Caesar is unnamed; Tiresias was the prophet in the Oedipus plays.]

the soothsayer

Ann
    $400 3
Errol Flynn

Sheila
    $400 26
the Richter scale

Frank
    $400 15
a shillelagh

Ann
    $600 7
Ronald Reagan

Frank
    $600 22
(Alex: With about a minute to go in the round.)

one candlepower

Frank
    $600 13
King Lear

Frank
    $300 4
(Sheila: What is "Someday My Prince Will Come"?)

(1 of) "When You Wish Upon A Star" or "Zip-A-Dee-Doo-Dah"

Sheila
    $600 27
[The end-of-round signal sounds.]

erosion

Ann
    $600 20
a syringe

Sheila
    $800 10
Patty Hearst

Frank
    $1,000 25
(Frank: No answer, Alex.)
(Alex: Oh, that's unfortunate. That was Elton John's tribute to [*] called "Candle In The Wind".)

Marilyn Monroe

Frank
    $800 16
Italy

Ann
    $800 5
Meet John Doe

Ann
    $800 21
brass knuckles

Triple Stumper
    $1000 11
George Marshall

Ann
    $1000 17
(Sheila: Who is Anne Boleyn?)
(Alex: No, sorry.)
(Sheila: Oh, Who is [*]?)
...
(Alex: Beware of blurting things out like that, Sheila.)
(Sheila: I'm sorry.)
(Alex: I suspect, however, that Ann really knew the correct response.)

(Queen) Elizabeth I

AnnSheila
    $1000 8
(Sheila: What was Duel in the Sun?)

The Outlaw

AnnSheila
    $1000 24
a zip gun

Frank

Scores at the end of the Double Jeopardy! Round:

Ann Frank Sheila
$8,100 $4,700 -$600

[wagering suggestions for these scores]

Final Jeopardy! Round responses

INTERNATIONAL COMPETITIONS
FrankWhat is England and Canada?
$3,000
AnnWhat is Canada and England?
$1,300
(2 of) Canada, England or Scotland

Final scores:

Ann Frank Sheila
$9,400 $7,700 -$600
3-day champion: $18,110 2nd place: Dresher Brass bed + Shapiro & Son bedspread 3rd place: The World Book Encyclopedia

Game dynamics:

Coryat scores:

Ann Frank Sheila
$8,100 $6,700 -$300
18 R,
1 W
18 R,
5 W
(including 2 DDs)
9 R,
6 W
(including 1 DD)

Combined Coryat: $14,500

[game clues] [game scores] [suggest correction]

Game tape date: 1985-09-17
The J! Archive is created by fans, for fans. Scraping, republication, monetization, and malicious use prohibited; this site may use cookies and collect identifying information. See terms. The Jeopardy! game show and all elements thereof, including but not limited to copyright and trademark thereto, are the property of Jeopardy Productions, Inc. and are protected under law. This website is not affiliated with, sponsored by, or operated by Jeopardy Productions, Inc. Join the discussion at JBoard.tv.